000 01297nas a2200397 4500
001 BR8202201
003 BR-BrBNA
005 20231205085134.0
007 ta
008 230509b bl.|||p| |||| 00| 00por d
040 _aBR-BrBNA
_bpor
_cBiblioteca Nacional de Agricultura
041 _a(Pt)
072 _aL30; L74
100 1 _aCavalheiro, A.C.L.
100 1 _aCezar, M.S.
100 1 _aOliveira, S.C.
100 1 _aTrindade, D.S.
100 1 _aQuadros, a.t.f. de
100 1 _aArnt, L.M.
245 1 _aConcentracoes de calcio, magnesio e potassio no soro sanguineo de poedeiras com fadiga de gaiola (osteoporose)[osso, mineral, soro-sanguineo, confinamento]
246 1 _aBlood mineral levels of cage fatigue affected laying hens [bone, mineral, blood serum, confinement]
650 _aGALINHA PARA POSTURA
650 _aMINERAL
650 _aOSTEOPOROSE
650 _aOSSO
650 _aMINERAL
650 _aCALCIO
650 _aMAGNESIO
650 _aPOTASSIO
650 _aSORO-SANGUINEO
650 _aCONFINAMENTO
650 _aGAIOLA
773 0 _tAnuario Tecnico do Instituto de Pesquisas Zootecnicas Francisco Osorio (Brazil)
_xISSN 0100-2546
_g(Dec 1981), v. 8 p. 23-29
_wBR8202201
909 _a202311
_bLúcia
_c55
_dLúcia Elande
942 _2AGRIS
_n0
_cANA
999 _c109469
_d109469